| 000 | 00707nam a2200169 a 4500 | ||
|---|---|---|---|
| 008 | 120416s1984 ||||||||||||||||| || u | ||
| 020 | _a0333609050 | ||
| 050 | _aTA 666 Car | ||
| 100 | _aCarmichael, E. N | ||
| 245 | 1 | 0 | _aTimber engineering: practical design studies |
| 260 |
_aLondon _bE. & F. N. Spon _c1984 |
||
| 300 | _axiii, 261p. : ill | ||
| 350 | _a0.00 | ||
| 650 | _aTIMBER INDUSTRY | ||
| 995 |
_aMAIN LIBRARY OPEN ACCESS _D0.00 _e727556 _FCBU-MAIN LIBRARY (Kitwe) _H1 _I30.00 _jTA 666 Car _UAVAILABLE _y025390 _ZMain Library Open Access Collection |
||
| 995 |
_aMAIN LIBRARY OPEN ACCESS _D0.00 _e727555 _FCBU-MAIN LIBRARY (Kitwe) _H2 _I30.00 _jTA 666 Car _UAVAILABLE _y025389 _ZMain Library Open Access Collection |
||
| 999 |
_c81319 _d81319 |
||